000 00489nam a2200169Ia 4500
999 _c16369
_d16369
003 OSt
005 20200606115913.0
008 190216s9999||||xx |||||||||||||| ||und||
040 _cMESKC library
082 _a891.432
_bBHA/S
100 _aBharathi, Jayprakash
_9157
245 0 _aSresht Bal Ekanki /
_cJayprakash Bharathi
260 _bSumith Publishers,
_aDelhi :
_c2001
300 _a152p
650 _aHindi
942 _cBK
_2ddc
_h891.432
_iBHA/S
_k891.432
_mBHA/S